|
|
|
|
| LEADER |
00709nam a2200205 a 4500 |
| 001 |
c000123658 |
| 003 |
CARM |
| 005 |
00000000000000.0 |
| 008 |
910710s1964 enk 00011 eng d |
| 019 |
1 |
|
|a 8767928
|5 LACONCORD2021
|
| 035 |
|
|
|a (OCoLC)8118826
|5 LACONCORD2021
|
| 040 |
|
|
|d VCAV
|
| 100 |
1 |
|
|a Gillespie, Susan,
|d 1904-1968.
|
| 245 |
0 |
4 |
|a The frozen lake /
|c Susan Gillespie.
|
| 260 |
|
|
|a London :
|b Bles,
|c 1964.
|
| 300 |
|
|
|a 192 p. ;
|c 21 cm.
|
| 852 |
8 |
|
|b CARM
|h A2:AH08G0
|i A00390
|p 0131346
|f BK
|
| 082 |
0 |
4 |
|a 823.912
|2 20
|
| 999 |
f |
f |
|i 7474e8fd-3f1d-5be6-8bb5-390491aba208
|s 345f85f9-65c1-50a5-ae29-12b642be178c
|
| 952 |
f |
f |
|p Can circulate
|a CAVAL
|b CAVAL
|c CAVAL
|d CARM 1 Store
|e A00390
|f A2:AH08G0
|h Other scheme
|i book
|m 0131346
|